000 05414nam a2200349 a 4500
003 CHAP
005 20250620115902.0
007 ta
008 240611s2023 mx ado|fom||| 001 0 spa d
040 _erda
041 0 _aspa
_beng
100 1 _9185789
_aCruz Morazán, Omar Levi
245 1 0 _aDesarrollo de un manual de protocolos para la reproducción de hongos benéficos /
_cOmar Levi Cruz Morazán
264 0 _aChapingo, México :
_bEl autor,
_c2023
300 _a1 recurso en línea (55 páginas) :
_bilustraciones, tablas, gráficas, fotos +
336 _2rdacontent
_atexto
_btxt
337 _2rdamedia
_acomputadora
_bc
338 _2rdacarrier
_arecurso en línea
_bcr
502 _aInforme de Estancia Preprofesional
_bIA
_cAgroindustrias
_d2023
_gLIC
504 _aBibliografía: 49-51 páginas
520 3 _aEn México para mantener y aumentar su producción agrícola se usan numerosos productos agroquímicos entre los que se encuentra fertilizantes, pesticidas, fungicidas, bactericidas, etc., los cuales en su mayoría se compran a otros países. Sin embargo, en el contexto actual con la reciente pandemia y el conflicto en Ucrania, se ha demostrado la vulnerabilidad de la dependencia de suministros de agroquímicos. Una solución alternativa al problema de los consumibles agrícolas es retomar las tecnologías de la agricultura protegida, los biocontroladores. Este trabajo propone una metodología para la producción de un producto a base de microorganismos de origen fúngico, propiamente de Trichoderma harzianum y Beauveria bassiana, dos hongos que, por sus cualidades antagonistas hacia plagas y otros hongos, mediante su acción en los procesos biológicos en el ecosistema pueden ser una alternativa para reducir o sustituir el uso de algunos agroquímicos. Para la multiplicación de estos hongos se desarrolló un proyecto en el CDT Villadiego, el cual solicitó la autorización de una apertura de un laboratorio de microbiología en 2019 para realizar las actividades necesarias y obtener en un estado puro y en grandes cantidades los hongos antes indicados. Como resultado final se obtuvo un polvo con esporas para cada uno de los hongos, lo anterior se logró mediante un proceso de recolección de muestras, preparación de suspensiones, pruebas de calidad, inoculación y crecimiento en arroz, molienda, pruebas de antagonismo y conservación de las mismas cepas. El polvo obtenido será aplicado en las hectáreas experimentales con el objetivo de controlar el gusano de gallina ciega (Phyllophaga spp.), además de contribuir a la conservación del suelo y cuantificar su efectividad. El conocimiento generado, así como el procedimiento para la obtención de este polvo con esporas de hongos benéficos quedo registrado en un Manual de protocolos donde se establecieron los lineamientos para el manejo y funcionamiento del laboratorio a cargo del CDT Villadiego.
520 3 _aIn Mexico, to maintain and increase its agricultural production, numerous agrochemical products are used, among which are fertilizers, pesticides, fungicides, bactericides, etc., which are mostly purchased from other countries. However, in the current context with the recent pandemic and the conflict in Ukraine, the vulnerability of agrochemical supplies dependence has been demonstrated. An alternative solution to the problem of agricultural consumables is to resume the technologies of protected agriculture: Biocontrollers. This work proposes a methodology for the production of a product based on microorganisms of fungal origin, properly from Trichoderma harzianum and Beauveria bassiana, two fungi that, for their antagonistic qualities towards pests and their action in biological processes in the ecosystem, can be an alternative to reduce or replace the use of some agrochemicals. For the multiplication of these fungi, a project was developed in the CDT Villadiego, which requested the authorization of an opening of a microbiology laboratory in 2019 to conduct the necessary activities and obtain in a pure state and in copious quantities the fungi indicated above. As a final result, a powder with spores was obtained for each of the fungi, the above was obtained through a sampling process, suspension preparation, quality tests, inoculation, and growth in rice, grinding, tests of antagonism, and conservation of the same strains. The powder obtained will be applied in experimental hectares with the aim of controlling the white grubs (Phyllophaga spp.), in addition to contributing to soil conservation and quantify its effectiveness. The generated knowledge, as well as the procedure for obtaining this powder with spores of beneficial fungi, was recorded in a Protocol’s Manual where the guidelines for the management and operation of the laboratory were established by the CDT Villadiego
650 1 3 _2atg
_956084
_aHongos
650 1 3 _2atg
_9156672
_aMicroorganismos benéficos
_xReproducción
_xManuales
650 1 3 _2atg
_9147639
_aMushrooms
650 1 3 _2atg
_9187080
_aBeneficial microorganisms
_xReproduction
_xHandbooks manuals,etc.
700 1 _9148104
_aLanda Salgado, Patricia
_edirectora
700 1 _9161734
_aRamayo Ramírez, José Orlando
_easesor
700 1 _9147701
_aSantos Moreno, Armando
_easesor
856 4 0 _uhttp://10.13.5.2/tesis/tl/1710536-4_CRUZ_MORAZAN_OMARLEVI.pdf
_yDESCARGAR PDF
942 _2Clasificación Universidad Autónoma Chapingo
_cTD
999 _c219981
_d219981